|
|
|
|
| LEADER |
00000caa a2200000 c 4500 |
| 001 |
1634172868 |
| 003 |
DE-627 |
| 005 |
20220608095550.0 |
| 007 |
tu |
| 008 |
131107s1976 xx ||||| 00| ||ger c |
| 035 |
|
|
|a (DE-627)1634172868
|
| 035 |
|
|
|a (DE-576)395953316
|
| 035 |
|
|
|a (DE-599)BSZ395953316
|
| 040 |
|
|
|a DE-627
|b ger
|c DE-627
|e rakwb
|
| 041 |
|
|
|a ger
|
| 245 |
0 |
0 |
|a Zur Distanzlosigkeit kriminalpolitischer Strategien
|b eine Erwiderung auf Karl F. Schumanns "Praxisdistanz der Normsetzungsanalysen"
|c Ehrhard Blankenburg ...
|
| 264 |
|
1 |
|c 1976
|
| 336 |
|
|
|a Text
|b txt
|2 rdacontent
|
| 337 |
|
|
|a ohne Hilfsmittel zu benutzen
|b n
|2 rdamedia
|
| 338 |
|
|
|a Band
|b nc
|2 rdacarrier
|
| 700 |
1 |
|
|a Blankenburg, Ehrhard
|4 oth
|
| 773 |
0 |
8 |
|i In
|t Kriminologisches Journal
|d Weinheim : Beltz Juventa, 1969
|g 8(1976), 3, Seite 199-204
|w (DE-627)130092207
|w (DE-600)500591-7
|w (DE-576)018208223
|x 0341-1966
|7 nnas
|
| 773 |
1 |
8 |
|g volume:8
|g year:1976
|g number:3
|g pages:199-204
|
| 951 |
|
|
|a AR
|
| ELC |
|
|
|b 1
|
| LOK |
|
|
|0 000 xxxxxcx a22 zn 4500
|
| LOK |
|
|
|0 001 3288819392
|
| LOK |
|
|
|0 003 DE-627
|
| LOK |
|
|
|0 004 1634172868
|
| LOK |
|
|
|0 005 20250819153339
|
| LOK |
|
|
|0 008 131107||||||||||||||||ger|||||||
|
| LOK |
|
|
|0 040
|a DE-21-110
|c DE-627
|d DE-21-110
|
| LOK |
|
|
|0 689
|a s
|a Kriminalrechtssoziologie
|
| LOK |
|
|
|0 689
|a s
|a Kriminalpolitische Strategien
|
| LOK |
|
|
|0 689
|a s
|a Kriminalitätstheorien
|
| LOK |
|
|
|0 852
|a DE-21-110
|
| LOK |
|
|
|0 852 1
|m p
|9 00
|
| LOK |
|
|
|0 935
|a k110
|
| LOK |
|
|
|0 938
|k p
|
| LOK |
|
|
|0 939
|a 07-11-13
|b l01
|
| ORI |
|
|
|a SA-MARC-krimdoka001.raw
|